Joueurs français ayant joué à l'Atlético de Madrid - Statistiques

Statistiques générales
  • Ce quiz a été pris 69 fois
  • Le résultat moyen est 8 sur 17
Statistiques - réponses
Année d'arrivée Année de départ Club précédant Club suivant Nombre de match Joueurs % Correct
2021 2026 FC Barcelone Orlando City SC 233 Antoine Griezmann
100%
2014 2019 Real Sociedad FC Barcelone 257 Antoine Griezmann
100%
2018 En cours AS Monaco En cours 186 Thomas Lemar
97%
2024 En cours FC Barcelone En cours 52 Clément Lenglet
83%
2000 2001 Rayo Vallecano Rayo Vallecano 16 Jean-François Hernandez
78%
2015 2019 Atlético Madrileño Bayern Munich 110 Lucas Hernandez
78%
2016 2017 Atlético de Madrid B Real Madrid 0 Theo Hernandez
78%
2016 2018 Séville FC FC Valencia 82 Kévin Gameiro
58%
2021 2021 Olympique Lyonnais Olympique Lyonnais 7 Moussa Dembélé
33%
2013 2016 AS Saint-Etienne VFL Wolfsburg 7 Joshua Guilavogui
30%
2008 2009 Olympique de Marseille Paris Saint-Germain 11 Grégory Coupet
22%
2021 2022 AS Monaco AS Monaco 0 Benjamin Lecomte
19%
2008 2010 Recreativo Huelva Sporting CP 58 Florent Sinama-Pongolle
9%
2004 2007 Celta Vigo Real Saragosse 101 Peter Luccin
5%
1983 1983 AS Saint-Etienne Manic de Montréal 0 Jean-François Larios
3%
1932 1933 Racing Club de France Montpellier Hérault SC - Manuel Anatol
0%
1948 1951 Stade Français OGC Nice 86 Marcel Domingo
0%
Aucun quiz correspondant
Distribution des résultats
% des personnes avec chaque résultat
Percentile par nombre de réponses
Votre historique - résultats
Vous n’avez pas pris ce quiz